000 00473nam a2200169Ia 4500
008 090711s9999 xx 000 0 und d
082 _b65579
100 _aराही मासूम रजा
245 _aमहाभारत
260 _c1990
300 _a431
600 _aराही मासूम रजा
630 _aमहाभारत
700 _aराही मासूम रजा
730 _aमहाभारत
942 _cBOOK
999 _c283145
_d283145